01222nam a2200337Ia 4500001001200000003000800012006001900020007001500039008004100054010001700095020001500112020001800127020001800145040002100163035002100184050002400205082001200229245012500241260004900366300001500415490002800430500002000458533015200478650002500630650001600655655002900671700002400700710001700724856012600741999001700867ebr10726532CaPaEBRm o u cr cn|||||||||110408s2012 nyu s 001 0 eng d z 2011008476 z1612099971 z9781612099972 z9781628085853 aCaPaEBRcCaPaEBR a(OCoLC)84890231914aQ175b.P5128 2012eb04a50122200aPhilosophy of science since Baconh[electronic resource] :breadings in ideas and interpretations /cAhmad Raza, editor. aNew York :bNova Science Publishers,cc2012. avi, 175 p.0 aWorld philosophy series aIncludes index. aElectronic reproduction.bPalo Alto, Calif. :cebrary,d2013.nAvailable via World Wide Web.nAccess may be limited to ebrary affiliated libraries. 0aSciencexPhilosophy. 0aPhilosophy. 7aElectronic books.2local1 aRaza, Ahmad,d1965-2 aebrary, Inc.40uhttp://site.ebrary.com/lib/rucke/Doc?id=10726532zAn electronic book accessible through the World Wide Web; click to view c38908d38908